El átomo y el alma (Record no. 139529)

MARC details
000 -LEADER
campo de control de longitud fija 00594nam a2200181 4500
001 - NÚMERO DE CONTROL
campo de control 139529
003 - IDENTIFICADOR DE NÚMERO DE CONTROL
campo de control ES-MaACL
005 - FECHA Y HORA DE LA ÚLTIMA TRANSACCIÓN
campo de control 20230906195830.0
007 - CAMPO FIJO DE DESCRIPCIÓN FÍSICA--INFORMACIÓN GENERAL
campo de control de longitud fija t|
008 - DATOS DE LONGITUD FIJA--INFORMACIÓN GENERAL
campo de control de longitud fija 070214s1959 sp r ||||1| spa d
100 1# - ENTRADA PRINCIPAL--NOMBRE DE PERSONA
Nombre de persona Sausgruber, Kurt.
9 (RLIN) 104014
245 13 - MENCIÓN DEL TÍTULO
Título El átomo y el alma
Resto del título : el problema de la naturaleza del alma y su relación con el cuerpo /
Mención de responsabilidad, etc. Kurt Sausgruber ; versión española de Ignacio Rodrigo.
250 ## - MENCION DE EDICION
Mención de edición 1ª. ed.
260 ## - PUBLICACIÓN, DISTRIBUCIÓN, ETC.
Lugar de publicación, distribución, etc. Barcelona :
Nombre del editor, distribuidor, etc. Herder,
Fecha de publicación, distribución, etc. 1959.
300 ## - DESCRIPCIÓN FÍSICA
Extensión 252 p. ;
Dimensiones 18 cm.
700 1# - ENTRADA AGREGADA--NOMBRE PERSONAL
Nombre de persona Rodrigo, Ignacio.
9 (RLIN) 98173
852 ## - LOCALIZACIÓN
Ubicación ES-MaACL
Número de control de estantería C-18201
Sublocalización o colección R.46461
Holdings
Estatus retirado Estado de pérdida Estado de daño No para préstamo Biblioteca de origen Biblioteca actual Ubicación en estantería Fecha de adquisición Fuente de adquisición Total de préstamos Signatura topográfica completa Código de barras Visto por última vez Precio de reemplazo Tipo de ítem Koha
        Biblioteca del Ateneo de Madrid Biblioteca del Ateneo de Madrid Galería 17/01/2008     C-18201 1145202 23/02/2023 23/02/2023 Libro impreso